| 000 | 00346nam a22001337a 4500 | ||
|---|---|---|---|
| 020 | _a969-35-1888-8 | ||
| 082 | _a910.4 TAR | ||
| 245 | _aSOONEHI ULLU KA SHEHER | ||
| 250 | _aTARAR, MUSTANSAR HUSSAIN | ||
| 260 |
_aLAHORE _bSANG-E-MEEL PUB _c2006 |
||
| 300 | _a272P | ||
| 650 |
_aURDU ADAB-SAFAR NAMA-SOONEHI ULLU KA SHEHER _963317 |
||
| 942 | _cBK | ||
| 999 |
_c572182 _d572182 |
||